000 00644nam a2200241Ia 4500
003 OSt
005 20220918190637.0
006 a|||||r|||| 00| 0
007 ta
008 220917b |||||||| |||| 00| 0 eng d
024 _a58,376
037 _cTextual
040 _aARTS
_cARTS
_beng
041 _2eng
_aeng
082 _aP575, K1
100 _aOinas F J
_970056
245 0 _aDevelopment of some postpositional cases in Balto Finnic languages
260 _aHelsinki
_bSuomalais Seura
_c1961
300 _a190p.
_ccm.
650 _aLINGUISTICS
942 _hP575, K1
_cTEXL
_2CC
999 _c186215
_d186215